000 00526nam a2200205Ia 4500
005 20250923144344.0
008 008 250917s9999 xx 000 0 eng d
037 _aTextual
040 _aDSWL
_beng
_cDSWL
041 _aeng
_2eng
084 _aY1, I0
_qDSWL
100 _aLowie, Robert H
_9824033
245 0 _aSocial organization
_cby Robert H Lowie
260 _aLondon
_c1950
300 _a465 p.
365 _aINR
_b25
925 _g25
942 _cTEXL
_hY1, I0
999 _c1437839
_d1437839